El nemagón en Nicaragua. Génesis de una pesadilla /
Guardado en:
| Autor principal: | |
|---|---|
| Autores Corporativos: | , |
| Otros Autores: | |
| Formato: | Desconocido |
| Lenguaje: | Spanish |
| Publicado: |
Managua, Nicaragua :
Instituto de Historia de Nicaragua y Centroamérica
|
| Materias: | |
| Etiquetas: |
Agregar Etiqueta
Sin Etiquetas, Sea el primero en etiquetar este registro!
|
MARC
| LEADER | 00000 a2200000 04500 | ||
|---|---|---|---|
| 001 | 43670 | ||
| 003 | |||
| 008 | 050629s2007 nq spa d | ||
| 040 | |||
| 020 | |a 978-99924-869-7-9 | ||
| 090 | |a 1001 N433n | ||
| 100 | |a Ramírez, Sergio | ||
| 110 | |a Instituto de Historia de Nicaragua y Centroamérica (Nicaragua) | ||
| 245 | |a El nemagón en Nicaragua. Génesis de una pesadilla / |c Sergio Ramírez Mercado | ||
| 260 | |a Managua, Nicaragua : |b Instituto de Historia de Nicaragua y Centroamérica | ||
| 300 | |a 98 páginas | ||
| 650 | |a ENFERMEDADES OCUPACIONALES | ||
| 650 | |a PROBLEMAS SOCIALES | ||
| 650 | |a NEMAGON | ||
| 650 | |a CONTAMINACION AMBIENTAL | ||
| 650 | |a PLAGUICIDAS | ||
| 700 | |a Silva, José Adán; Esquivel, Manuel | ||
| 710 | |a Diario La Prensa (Nicaragua); Fundación Heinrich Böll (Nicaragua); Fundación Hivo, Instituto Humanista de Cooperación al Desarrollo (Nicaragua) | ||
| 999 | |c 14635 |d 14635 | ||



